Culture Générale - Série 1455 - Statistiques

Statistiques générales
  • Ce quiz a été pris 115 fois
  • Le résultat moyen est 6 sur 10
Statistiques - réponses
Question Réponse % Correct
De quel pays la série télévisée : "Un, Dos, Tres", est-elle originaire ? Espagne
98%
A quel pays d'Afrique du Nord appartient l'île de Djerba ? Tunisie
95%
Quel argot transforme le mot "honte" en "tehon", ou "fou" en "ouf" ? verlan
94%
Quel est le nom de l'aiguille qui indique les secondes sur une montre ? trotteuse
90%
En 1999, quelle partie de la Grande-Bretagne a voté pour son Parlement local, installé à Cardiff ? Pays de Galles
72%
Dans quel film de 2000, Tom Hanks joue-t-il le rôle de Paul Edgecomb, gardien d'un pénitencier ? La Ligne verte
65%
Quelle rivière d'Autriche et affluent du Rhin enserre la "Grande Ile", le centre historique de Strasbourg ? ill
38%
Quel nom désigne à la fois un ambassadeur et un pudding ? diplomate
15%
A Paris, quel nom portait la place des Vosges au XVIIe siècle ? Place Royale
11%
Quel est le nom de l'actrice qui incarne Betty dans la série télévisée "Ugly Betty" ? America Ferrera
3%
Aucun quiz correspondant
Distribution des résultats
% des personnes avec chaque résultat
Percentile par nombre de réponses
Votre historique - résultats
Vous n’avez pas pris ce quiz